• 首页
  • 本馆介绍
  • 公告通知
  • 最新文献
  • 馆藏检索
  • 电子资源
  • 读者导购
  • 参考咨询
  • 我的图书馆
  • 登录
  • 详细信息显示
  • 放入我的书架
  • 预约/预借图书
  • 作者相关作品
  • 分类相关作品
  • 丛书相关作品
  • 出版社相关作品

书目信息

  • 表格格式
  • 工作单格式
  • 卡片格式
题名:
文明的危机
    
 
作者: 艾哈迈德 著 ;谭春霞 译
分册:  
出版信息: 北京   新华出版社  2012
页数: 335页
开本: 25cm
丛书名: 新华国际政治精品文库
单 册:
中图分类: D5 , D50
科图分类:
主题词: 国际政治--研究 , 国际政治 , 国际形势--研究 , 国际形势
电子资源:
ISBN: 978-7-5011-9961-7
000 01589oam2 2200361 45
001 1355712608
005 20130515144947.96
010    @a978-7-5011-9961-7@dCNY42.00
100    @a20130108d2012 em y0chiy50 ea
101 1  @achi@ceng
102    @aCN@b110000
105    @ay z 000yy
106    @ar
200 1  @a文明的危机@AWen Ming De Wei Ji@dA user&39;s guide to the crisis of civilization: and how to save it@f(英)纳菲兹·摩萨迪克·艾哈迈德(Nafeez Mosaddeq Ahmed)著@F( Ying ) Na Fei Zi· Mo Sa Di Ke· Ai Ha Mai De (Nafeez Mosaddeq Ahmed) Zhu@g谭春霞译@zeng
210    @a北京@c新华出版社@d2012
215    @a335页@d25cm
225 2  @a新华国际政治精品文库
304    @a版权页英文题名:A user&39;s guide to the crisis of civilization
305    @a经锐拓传媒会的版权
330    @a本书作者认为:一系列危机威胁着人类文明的未来,应该将金融危机、石油储量减少、恐怖主义和食品短缺等问题看做一个病态体系的不同方面。作者从审视各种全球危机之间复杂的相互关系入手,分析它们共同的发展趋势,并通过研制一份独特的定性地图来揭示它们在未来几十年相互聚合的情况。
461  0 @12001 @a新华国际政治精品文库
510 1  @aUser&39;s guide to the crisis of civilization: and how to save it@zeng
510 1  @aUser&39;s guide to the crisis of civilization@zeng
606 0  @a国际政治@x研究
606 0  @a国际政治
606 0  @a国际形势@x研究
606 0  @a国际形势
690    @aD5@v5
690    @aD50@v5
701  0 @g(英)@a艾哈迈德@AAi Ha Mai De@g(Ahmed, Nafeez Mosaddeq)@4著
702  0 @a谭春霞@ATan Chun Xia@4译
801    @aCN@bTANGWEI@c20130111
905    @b0831885-89@dD5@e190@f5
    
    文明的危机=A user&39;s guide to the crisis of civilization: and how to save it/(英)纳菲兹·摩萨迪克·艾哈迈德(Nafeez Mosaddeq Ahmed)著/谭春霞译.-北京:新华出版社,2012
    335页;25cm.-(新华国际政治精品文库)
    
    
    ISBN 978-7-5011-9961-7:CNY42.00
    本书作者认为:一系列危机威胁着人类文明的未来,应该将金融危机、石油储量减少、恐怖主义和食品短缺等问题看做一个病态体系的不同方面。作者从审视各种全球危机之间复杂的相互关系入手,分析它们共同的发展趋势,并通过研制一份独特的定性地图来揭示它们在未来几十年相互聚合的情况。
●
相关链接 在E读中查询图书 在五车中查询图书 在当当中查询图书 在豆瓣中查询图书


正题名:文明的危机     索取号:D5/190         预约/预借

序号 登录号 条形码 馆藏地/架位号 状态 备注
1 0831885   208318854   第一样本阅览室/ [索取号:D5/190] 在馆    
2 0831886   208318863   第一借阅区/ [索取号:D5/190] 在馆    
3 0831887   208318872   第一借阅区/ [索取号:D5/190] 在馆    
4 0831888   208318881   第一借阅区/ [索取号:D5/190] 在馆    
5 0831889   208318890   第一借阅区/ [索取号:D5/190] 在馆    
唐山师范学院图书馆 欢迎您!
大连网信软件有限公司© 版权所有